000 00333nam a2200145Ia 4500
008 150201s2012 xx 000 0 und d
082 _a611
_bG13S
100 _aSINGH, VISHRAM
245 _aGENERAL ANATOMY
250 _a1ST
260 _bELSEVIER
_aINDIA
_c2012
300 _a1-267
650 _aHUMAN ANATOMY
942 _2ddc
_cBK
_077
999 _c1778
_d1778